000 01250nam a2200325 a 4500
001 ebr10512166
003 CaPaEBR
006 m u
007 cr cn|||||||||
008 071203s2007 sz s 000 0 eng d
010 _z 2007481922
020 _z9789221196228
020 _z9789221196235 (e-book)
040 _aCaPaEBR
_cCaPaEBR
035 _a(OCoLC)700697568
050 1 4 _aK1772
_b.A923 2007eb
245 0 0 _aABC of women workers' rights and gender equality
_h[electronic resource].
246 3 0 _aWomen workers' rights and gender equality
250 _a2nd ed.
260 _aGeneva :
_bInternational Labour Office,
_cc2007.
300 _axii, 209 p.
533 _aElectronic reproduction.
_bPalo Alto, Calif. :
_cebrary,
_d2011.
_nAvailable via World Wide Web.
_nAccess may be limited to ebrary affiliated libraries.
650 0 _aWomen
_xEmployment
_xLaw and legislation.
650 0 _aSex discrimination in employment
_xLaw and legislation.
650 0 _aWomen's rights.
655 7 _aElectronic books.
_2local
710 2 _aInternational Labour Office.
710 2 _aebrary, Inc.
856 4 0 _uhttp://site.ebrary.com/lib/rucke/Doc?id=10512166
_zAn electronic book accessible through the World Wide Web; click to view
999 _c223085
_d223085